| 000 | 01177nma a22002417a 4500 | ||
|---|---|---|---|
| 003 | NALT | ||
| 005 | 20241120084719.0 | ||
| 006 | g q || | ||
| 008 | th tha d | ||
| 040 | _a์NALT | ||
| 041 | _atha | ||
| 090 | _aCD2411/1, CD2411/2 | ||
| 110 | 2 |
_aสำนักงานคณะกรรมการข้าราชการพลเรือน _916317 |
|
| 245 | 1 | 0 |
_aระบบบริหารราชการของประเทศอาเซียน 10 ประเทศ / _cสำนักงานคณะกรรมการข้าราชการพลเรือน. |
| 260 |
_aกรุงเทพฯ : _bสำนักงานคณะกรรมการข้าราชการพลเรือน, _cม.ป.ป.. |
||
| 300 |
_a1 แผ่น : _bSd., Col. |
||
| 650 | 0 | 4 | _aอาเซียน |
| 650 | 4 |
_aการบริหารราชการ _951634 |
|
| 650 | 4 |
_aการบริหารราชการในต่างประเทศ _965187 |
|
| 651 | 4 |
_aกลุ่มประเทศอาเซียน _96281 |
|
| 850 | _aNALT | ||
| 942 |
_cCD _2local |
||
| 999 |
_c73315 _d73315 |
||
| 998 |
_j104 _k นางสาวสายฝน ดีงาม |
||